[Event "Berlin-ch Seniors op 36th"]
[Site "Berlin"]
[Date "2020.01.29"]
[Round "2.5"]
[White "Vandre, Wolfgang"]
[Black "Koerner, Helmut"]
[Result "1-0"]
[WhiteElo "2099"]
[BlackElo "1878"]
[PlyCount "109"]
[EventDate "2020.01.28"]
[EventType "swiss"]
[EventRounds "9"]
[EventCountry "GER"]
[SourceTitle "EXT 2024"]
[Source "ChessBase"]
[SourceDate "2023.10.10"]
[SourceVersion "1"]
[SourceVersionDate "2023.10.10"]
[SourceQuality "1"]

1. Nf3 Nf6 2. c4 d6 3. g3 c6 4. Bg2 Qc7 5. 0-0 e5 6. Nc3 Be7 7. e4 0-0 8. d3 Nbd7 9. a3 a5 10. Rb1 Nc5 11. b4 axb4 12. axb4 Ne6 13. d4 exd4 14. Nxd4 Nxd4 15. Qxd4 c5 16. bxc5 dxc5 17. Qd3 Rd8 18. Nd5 Nxd5 19. exd5 Bd6 20. Be4 g6 21. Re1 Be5 22. Bg5 Re8 23. h4 Bd4 24. Be3 Be5 25. f4 Bd6 26. h5 Rxe4 27. Qxe4 Bf5 28. Qg2 Bxb1 29. Rxb1 Qe7 30. Re1 Re8 31. Bf2 Qd7 32. Rxe8+ Qxe8 33. Qf3 Kg7 34. Qc3+ f6 35. Qb2 Qe7 36. hxg6 hxg6 37. Qb1 Kf7 38. Qd3 Qe8 39. Qb3 Qe7 40. Qb1 Qd7 41. Qe4 Qe7 42. Qh1 Kg7 43. Qf3 Qc7 44. f5 gxf5 45. Qxf5 Be5 46. Qg4+ Kf7 47. Kg2 b6 48. Be3 Qd6 49. Bh6 Ke7 50. Qg8 Qc7 51. Bf8+ Kd7 52. Qe6+ Kd8 53. d6 Qd7 54. Qd5 Qa7 55. Qc6 1-0

[Event "Berlin-ch Seniors op 34th"]
[Site "Berlin"]
[Date "2018.02.06"]
[Round "7"]
[White "Paul, Reinhart"]
[Black "Koerner, Helmut"]
[Result "1/2-1/2"]
[WhiteElo "2006"]
[BlackElo "1819"]
[PlyCount "45"]
[EventDate "2018.01.30"]
[EventType "swiss"]
[EventRounds "9"]
[EventCountry "GER"]
[SourceTitle "EXT 2020"]
[Source "ChessBase"]
[SourceDate "2019.10.17"]
[SourceVersion "1"]
[SourceVersionDate "2019.10.17"]
[SourceQuality "1"]

1. e4 d5 2. exd5 Nf6 3. d4 Nxd5 4. Nf3 Bg4 5. Be2 Nc6 6. c4 Nb6 7. Be3 Bxf3 8. Bxf3 Nxc4 9. Qa4 Nb6 10. Bxc6+ bxc6 11. Qxc6+ Qd7 12. Qxd7+ Kxd7 13. Nd2 e6 14. a3 Be7 15. Rc1 Rhb8 16. Rc2 Nd5 17. Ke2 Rb7 18. Rhc1 Rab8 19. Nc4 f6 20. b4 Rb5 21. Na5 Bd6 22. g3 g5 23. Bd2 1/2-1/2

[Event "Berlin-ch Seniors op 34th"]
[Site "Berlin"]
[Date "2018.02.01"]
[Round "3"]
[White "Welz, Peter"]
[Black "Koerner, Helmut"]
[Result "0-1"]
[WhiteElo "2042"]
[BlackElo "1819"]
[PlyCount "74"]
[EventDate "2018.01.30"]
[EventType "swiss"]
[EventRounds "9"]
[EventCountry "GER"]
[SourceTitle "EXT 2020"]
[Source "ChessBase"]
[SourceDate "2019.10.17"]
[SourceVersion "1"]
[SourceVersionDate "2019.10.17"]
[SourceQuality "1"]

1. e4 d5 2. exd5 Nf6 3. Bb5+ Bd7 4. Bc4 b5 5. Bb3 Bg4 6. f3 Bc8 7. Qe2 a6 8. a4 b4 9. a5 Bb7 10. Nh3 Bxd5 11. Bxd5 Qxd5 12. c4 Qd6 13. d3 e5 14. 0-0 Nc6 15. f4 Be7 16. fxe5 Qxe5 17. Qf3 Qd4+ 18. Kh1 Qd7 19. d4 Rd8 20. d5 Nd4 21. Qd3 c5 22. Be3 Qa7 23. Nd2 0-0 24. Bxd4 cxd4 25. Nf3 Ne8 26. Nxd4 Qc5 27. Nf5 Bf6 28. Rf2 Nd6 29. Nxg7 Bxg7 30. Ng5 f5 31. Raf1 Ne4 32. Nxe4 fxe4 33. Rxf8+ Rxf8 34. Rxf8+ Qxf8 35. Qe2 Qf4 36. g3 Qc1+ 37. Kg2 Qxb2 0-1

[Event "Berlin-ch Seniors op 33rd"]
[Site "Berlin"]
[Date "2017.02.04"]
[Round "5"]
[White "Kapr, Klaus"]
[Black "Koerner, Helmut"]
[Result "1-0"]
[WhiteElo "2018"]
[BlackElo "1852"]
[PlyCount "55"]
[EventDate "2017.01.31"]
[EventType "swiss"]
[EventRounds "9"]
[EventCountry "GER"]
[SourceTitle "EXT 2019"]
[Source "ChessBase"]
[SourceDate "2018.10.10"]
[SourceVersion "1"]
[SourceVersionDate "2018.10.10"]
[SourceQuality "1"]

1. e4 d5 2. exd5 Nf6 3. c4 c6 4. d4 cxd5 5. Nc3 g6 6. Nf3 Bg7 7. Bg5 dxc4 8. Bxc4 0-0 9. 0-0 Bg4 10. h3 Bxf3 11. Qxf3 Nc6 12. Rad1 Nxd4 13. Qe3 e5 14. Qxe5 Nh5 15. Qe3 Qb6 16. g4 Rae8 17. Ne4 Qc6 18. f3 Qxc4 19. gxh5 Nf5 20. Qd3 Qc6 21. b3 h6 22. Bc1 g5 23. Ba3 Bd4+ 24. Kh1 Qc7 25. Nf6+ Bxf6 26. Qxf5 Kg7 27. Rd7 Qg3 28. Qg6+ 1-0

[Event "Berlin-ch Seniors op 33rd"]
[Site "Berlin"]
[Date "2017.02.03"]
[Round "4"]
[White "Koerner, Helmut"]
[Black "Keusch, Horst"]
[Result "1/2-1/2"]
[WhiteElo "1852"]
[BlackElo "1943"]
[PlyCount "89"]
[EventDate "2017.01.31"]
[EventType "swiss"]
[EventRounds "9"]
[EventCountry "GER"]
[SourceTitle "EXT 2019"]
[Source "ChessBase"]
[SourceDate "2018.10.10"]
[SourceVersion "1"]
[SourceVersionDate "2018.10.10"]
[SourceQuality "1"]

1. b4 Nf6 2. Bb2 d5 3. e3 Bf5 4. Nf3 Nbd7 5. c4 e6 6. a3 c6 7. Be2 Bd6 8. d4 Ne4 9. Nbd2 0-0 10. Nxe4 Bxe4 11. Bd3 f5 12. Bc3 Qf6 13. c5 Bc7 14. b5 Nxc5 15. Be2 cxb5 16. Bxb5 a6 17. Bb4 axb5 18. dxc5 Rfc8 19. Rc1 Bxf3 20. Qxf3 Be5 21. 0-0 Bb2 22. Rb1 Bxa3 23. Bxa3 Rxa3 24. Rxb5 Rc3 25. Qf4 e5 26. Qb4 Rc4 27. Qb2 Qc6 28. Rxb7 Rxc5 29. Rb6 Qe8 30. g3 h6 31. Rb1 Kh7 32. Qd2 Qh5 33. Qd1 Qh3 34. R6b2 Qg4 35. Qxg4 fxg4 36. Kg2 h5 37. h3 gxh3+ 38. Kxh3 Kh6 39. Rd1 Kg5 40. Rb7 g6 41. Rd7 Kf5 42. R7xd5 Rc2 43. Kg2 R8c3 44. R1d3 Rc4 45. Rd8 1/2-1/2

[Event "Berlin Lichtenberger op 15th"]
[Site "Berlin"]
[Date "2016.08.16"]
[Round "4"]
[White "Koerner, Helmut"]
[Black "Andresen, Klaus"]
[Result "1-0"]
[WhiteElo "1870"]
[BlackElo "1958"]
[PlyCount "37"]
[EventDate "2016.08.13"]
[EventType "swiss"]
[EventRounds "9"]
[EventCountry "GER"]
[SourceTitle "CBM 173 Extra"]
[Source "ChessBase"]
[SourceDate "2016.08.29"]
[SourceVersion "1"]
[SourceVersionDate "2016.08.29"]
[SourceQuality "1"]

1. b4 e5 2. Bb2 Bxb4 3. Bxe5 Nf6 4. Nc3 0-0 5. Bxf6 Qxf6 6. Nd5 Bxd2+ 7. Kxd2 Qxf2 8. Nf3 Re8 9. Kc1 Re6 10. Qd4 Qxd4 11. Nxd4 Rd6 12. Nf5 Rxd5 13. Ne7+ Kf8 14. Nxd5 Na6 15. e4 c6 16. Bxa6 bxa6 17. Nc3 d6 18. Rb1 Be6 19. Rd1 1-0

[Event "Berlin-ch Seniors op 32nd"]
[Site "Berlin"]
[Date "2016.02.03"]
[Round "8"]
[White "Koerner, Helmut"]
[Black "Poeltelt, Helmut"]
[Result "1-0"]
[WhiteElo "1861"]
[BlackElo "1735"]
[PlyCount "61"]
[EventDate "2016.01.26"]
[EventType "swiss"]
[EventRounds "9"]
[EventCountry "GER"]
[SourceTitle "EXT 2019"]
[Source "ChessBase"]
[SourceDate "2018.10.10"]
[SourceVersion "1"]
[SourceVersionDate "2018.10.10"]
[SourceQuality "1"]

1. b4 e5 2. Bb2 d6 3. e3 Nf6 4. c4 c6 5. Nc3 Be7 6. Qc2 Na6 7. a3 Be6 8. Nf3 Qd7 9. d4 exd4 10. Nxd4 Nc7 11. Bd3 Rd8 12. Nf5 Bf8 13. Ne2 Bxf5 14. Bxf5 Qe7 15. 0-0 g6 16. Bd3 Bg7 17. e4 0-0 18. Ng3 Ne6 19. f4 Ng4 20. Bxg7 Nxg7 21. Qe2 Nxh2 22. Kxh2 Qh4+ 23. Kg1 Qxg3 24. Rf3 Qg4 25. Qe3 Nh5 26. Raf1 Qd7 27. f5 d5 28. cxd5 cxd5 29. e5 Ng7 30. f6 Ne6 31. Qh6 1-0

[Event "Berlin-ch Seniors op 31st"]
[Site "Berlin"]
[Date "2015.02.07"]
[Round "9"]
[White "Koerner, Helmut"]
[Black "Ebert, Lothar"]
[Result "1-0"]
[WhiteElo "1711"]
[BlackElo "1614"]
[PlyCount "119"]
[EventDate "2015.01.29"]
[EventType "swiss"]
[EventRounds "9"]
[EventCountry "GER"]
[SourceTitle "EXT 2018"]
[Source "ChessBase"]
[SourceDate "2017.10.13"]
[SourceVersion "1"]
[SourceVersionDate "2017.10.13"]
[SourceQuality "1"]

1. b4 d5 2. Bb2 b6 3. e3 Bb7 4. Nf3 Nd7 5. Be2 e6 6. 0-0 f6 7. b5 Bc5 8. c4 Ne7 9. d4 Bd6 10. Nbd2 0-0 11. a4 a6 12. Qc2 c6 13. e4 axb5 14. e5 fxe5 15. dxe5 Bc5 16. Ng5 Ng6 17. Nxe6 Qe7 18. Nxf8 Qxf8 19. cxd5 Ndxe5 20. dxc6 Bxc6 21. axb5 Rxa1 22. Bxa1 Bb7 23. Ne4 Qe7 24. Nxc5 Qxc5 25. Qxc5 bxc5 26. Rc1 Nd7 27. g3 Bd5 28. f4 Ngf8 29. Kf2 Kf7 30. Ke3 g6 31. Bc4 Bxc4 32. Rxc4 Ne6 33. Ra4 Ke7 34. Ra7 Kd8 35. Ke4 Nc7 36. Ra5 Kc8 37. Be5 Nxe5 38. Kxe5 Kb7 39. Kd6 Kb6 40. Ra1 Nxb5+ 41. Kd5 Nc7+ 42. Kc4 Kc6 43. g4 Kd6 44. Rd1+ Kc6 45. h4 Nb5 46. Rd8 Nd6+ 47. Kd3 Kd5 48. Rh8 c4+ 49. Ke3 h5 50. gxh5 Nf5+ 51. Kf3 c3 52. hxg6 c2 53. Rc8 Nxh4+ 54. Kg4 Nxg6 55. Rxc2 Kd6 56. Re2 Kd7 57. Kg5 Ne7 58. f5 Ng8 59. f6 Nxf6 60. Kxf6 1-0

[Event "Berlin-ch Seniors op 31st"]
[Site "Berlin"]
[Date "2015.02.06"]
[Round "8"]
[White "Garms, Ilse"]
[Black "Koerner, Helmut"]
[Result "0-1"]
[WhiteElo "1491"]
[BlackElo "1711"]
[PlyCount "92"]
[EventDate "2015.01.29"]
[EventType "swiss"]
[EventRounds "9"]
[EventCountry "GER"]
[SourceTitle "EXT 2018"]
[Source "ChessBase"]
[SourceDate "2017.10.13"]
[SourceVersion "1"]
[SourceVersionDate "2017.10.13"]
[SourceQuality "1"]

1. d4 Nf6 2. Nf3 b5 3. e3 a6 4. Nbd2 e6 5. Bd3 Bb7 6. e4 d6 7. 0-0 Nbd7 8. Re1 Be7 9. a3 c5 10. c4 cxd4 11. Nxd4 Nc5 12. Qe2 bxc4 13. Bxc4 Ncxe4 14. Nxe4 Nxe4 15. Bd3 Nf6 16. Bg5 Qd7 17. Rac1 0-0 18. Rc2 h6 19. Bh4 Rfc8 20. Rec1 Nd5 21. Bg3 Bg5 22. Rxc8+ Rxc8 23. Rxc8+ Qxc8 24. h4 Nf4 25. Bxf4 Bxf4 26. Nc2 Qc6 27. f3 Qb6+ 28. Kf1 Qxb2 29. Qd1 Bg3 30. h5 Qb6 31. Qd2 Qb1+ 32. Ne1 Qxe1+ 33. Qxe1 Bxe1 34. Kxe1 a5 35. Kd2 e5 36. Kc3 Kf8 37. Kb3 Bc6 38. Kc4 Ke7 39. Be2 Ke6 40. g3 f5 41. Kc3 d5 42. f4 d4+ 43. Kc4 Bd5+ 44. Kb5 e4 45. Kxa5 d3 46. Bd1 e3 0-1

[Event "Berlin-ch Seniors op 31st"]
[Site "Berlin"]
[Date "2015.01.29"]
[Round "1"]
[White "Koerner, Helmut"]
[Black "Scheumann, Joachim"]
[Result "1-0"]
[WhiteElo "1711"]
[BlackElo "1356"]
[PlyCount "46"]
[EventDate "2015.01.29"]
[EventType "swiss"]
[EventRounds "9"]
[EventCountry "GER"]
[SourceTitle "EXT 2018"]
[Source "ChessBase"]
[SourceDate "2017.10.13"]
[SourceVersion "1"]
[SourceVersionDate "2017.10.13"]
[SourceQuality "1"]

1. b4 Nf6 2. Bb2 e6 3. a3 g6 4. e3 Bg7 5. Nf3 0-0 6. c4 d5 7. d4 c6 8. Nbd2 Na6 9. cxd5 exd5 10. Bxa6 bxa6 11. Nb3 Ne4 12. Rc1 Bd7 13. 0-0 Rc8 14. Qe2 Qb6 15. Nc5 Nxc5 16. Rxc5 Rfe8 17. Rfc1 Bf8 18. Ra5 Ra8 19. Qxa6 Qxa6 20. Rxa6 Re6 21. Ne5 Be8 22. Nxc6 Bxc6 23. Raxc6 f5 1-0

[Event "Berlin Lichtenberger op 12th"]
[Site "Berlin"]
[Date "2013.08.25"]
[Round "9"]
[White "Koerner, Helmut"]
[Black "Baranowsky, Peter"]
[Result "0-1"]
[WhiteElo "1910"]
[BlackElo "1967"]
[PlyCount "68"]
[EventDate "2013.08.17"]
[EventType "swiss"]
[EventRounds "9"]
[EventCountry "GER"]
[SourceTitle "CBM 156 Extra"]
[Source "ChessBase"]
[SourceDate "2013.10.22"]
[SourceVersion "1"]
[SourceVersionDate "2013.10.22"]
[SourceQuality "1"]

1. b4 Nf6 2. Bb2 e6 3. b5 d5 4. e3 Be7 5. Nf3 0-0 6. c4 c6 7. a4 Bd6 8. Be2 Nbd7 9. d4 dxc4 10. Nbd2 Bb4 11. Bxc4 Nb6 12. Bd3 cxb5 13. axb5 a5 14. bxa6 bxa6 15. 0-0 Bb7 16. Qe2 a5 17. Rfc1 Qe7 18. Nb3 a4 19. Nc5 a3 20. Bc3 Bxf3 21. gxf3 Nfd5 22. Bxb4 Nxb4 23. Be4 Ra7 24. f4 f5 25. Bg2 N6d5 26. Qc4 Rb8 27. Rcb1 Qd6 28. Rb3 a2 29. Qc1 Kf7 30. Qb2 Qb6 31. Bf1 Qd6 32. Bc4 Qb6 33. Nd3 Nxd3 34. Bxd3 Qxb3 0-1

[Event "Berlin Lichtenberger op 12th"]
[Site "Berlin"]
[Date "2013.08.20"]
[Round "4"]
[White "Koerner, Helmut"]
[Black "Jiranek, Benno"]
[Result "1/2-1/2"]
[WhiteElo "1910"]
[BlackElo "1480"]
[PlyCount "70"]
[EventDate "2013.08.17"]
[EventType "swiss"]
[EventRounds "9"]
[EventCountry "GER"]
[SourceTitle "CBM 156 Extra"]
[Source "ChessBase"]
[SourceDate "2013.10.22"]
[SourceVersion "1"]
[SourceVersionDate "2013.10.22"]
[SourceQuality "1"]

1. b4 Nf6 2. Bb2 d5 3. e3 e5 4. a3 Bd6 5. c4 dxc4 6. Bxc4 a6 7. Nf3 Bg4 8. Qb3 Qe7 9. Ng5 Be6 10. Nxe6 fxe6 11. Bxe6 Nbd7 12. Nc3 c6 13. Ne2 Rf8 14. Ng3 g6 15. 0-0 b6 16. Rac1 c5 17. Bxd7+ Nxd7 18. Ne4 Rc8 19. Qd5 Bc7 20. bxc5 bxc5 21. Nxc5 e4 22. Qxd7+ Qxd7 23. Nxd7 Kxd7 24. Rc4 Bxh2+ 25. Kxh2 Rxc4 26. Bc3 Rfc8 27. Kg3 Ra4 28. Rh1 h5 29. Rb1 Rxa3 30. Rb7+ Ke8 31. Rb4 Kd7 32. Rxe4 Rc6 33. Re5 Ra4 34. f4 Rb6 35. Rd5+ Kc6 1/2-1/2

[Event "Berlin Lichtenberger op 12th"]
[Site "Berlin"]
[Date "2013.08.19"]
[Round "3"]
[White "Winkler, Johannes"]
[Black "Koerner, Helmut"]
[Result "0-1"]
[WhiteElo "1560"]
[BlackElo "1910"]
[PlyCount "104"]
[EventDate "2013.08.17"]
[EventType "swiss"]
[EventRounds "9"]
[EventCountry "GER"]
[SourceTitle "CBM 156 Extra"]
[Source "ChessBase"]
[SourceDate "2013.10.22"]
[SourceVersion "1"]
[SourceVersionDate "2013.10.22"]
[SourceQuality "1"]

1. e4 d5 2. exd5 Nf6 3. Nf3 Nxd5 4. d4 Bg4 5. Be2 Nc6 6. c4 Nb6 7. Nc3 Bxf3 8. Bxf3 Nxc4 9. d5 N6e5 10. Qa4+ Qd7 11. Qxd7+ Kxd7 12. Be4 Nd6 13. Bc2 g6 14. 0-0 Bg7 15. f4 Nec4 16. Rf3 b5 17. Rb1 Rad8 18. b3 Nb6 19. Bb2 b4 20. Na4 Bxb2 21. Nc5+ Ke8 22. Rxb2 Nxd5 23. Bd3 e6 24. Rc2 Rb8 25. g4 a5 26. h4 Nc3 27. h5 Ndb5 28. hxg6 hxg6 29. Rh2 Ke7 30. f5 gxf5 31. gxf5 Rhg8+ 32. Kf1 Nd4 33. Re3 Rg5 34. f6+ Kxf6 35. Nd7+ Ke7 36. Nxb8 Nf5 37. Bxf5 Rxf5+ 38. Ke1 Kd6 39. Rf2 Rb5 40. Na6 Rb6 41. Rd3+ Nd5 42. Nxc7 Kxc7 43. Rdf3 f5 44. Rc2+ Kd6 45. Ke2 Rb8 46. Kd3 Nf6 47. Rc4 Ne4 48. Rf1 Ke5 49. Ke3 Rh8 50. a3 Rh3+ 51. Rf3 Rxf3+ 52. Kxf3 Nd2+ 0-1

[Event "Berlin Lichtenberger op 12th"]
[Site "Berlin"]
[Date "2013.08.18"]
[Round "2"]
[White "Koerner, Helmut"]
[Black "Gelman, Josef"]
[Result "0-1"]
[WhiteElo "1910"]
[BlackElo "1570"]
[PlyCount "134"]
[EventDate "2013.08.17"]
[EventType "swiss"]
[EventRounds "9"]
[EventCountry "GER"]
[SourceTitle "CBM 156 Extra"]
[Source "ChessBase"]
[SourceDate "2013.10.22"]
[SourceVersion "1"]
[SourceVersionDate "2013.10.22"]
[SourceQuality "1"]

1. b4 a5 2. b5 d6 3. Bb2 Nf6 4. e3 Bf5 5. d4 Nbd7 6. Nf3 e6 7. Bd3 Bxd3 8. Qxd3 g6 9. e4 Bg7 10. 0-0 0-0 11. c4 Nb6 12. a4 Nfd7 13. Nbd2 e5 14. dxe5 Nxe5 15. Qc2 Qe7 16. Rac1 Nxf3+ 17. gxf3 Bxb2 18. Qxb2 Nxa4 19. Qc2 Nc5 20. Kh1 Qf6 21. Ra1 b6 22. Ra3 Rfe8 23. Rg1 Re5 24. Nf1 Rg5 25. Rxg5 Qxg5 26. Ne3 Ne6 27. Nd5 Nf4 28. Nxf4 Qxf4 29. Qd1 Re8 30. Re3 Re5 31. Qf1 Rh5 32. Qg2 Qe5 33. Qg1 Kg7 34. Re1 Qf4 35. Re3 h6 36. Qg2 Rc5 37. Qf1 Qe5 38. Re1 Qc3 39. Rc1 Qxf3+ 40. Qg2 Qxg2+ 41. Kxg2 Kf6 42. f4 Ke6 43. Kf3 f5 44. h4 a4 45. Ke3 fxe4 46. Kxe4 Rh5 47. Rh1 Kf6 48. Rh3 Rc5 49. Kd4 Kf5 50. Rg3 a3 51. Rxa3 Kxf4 52. Ra8 g5 53. hxg5 hxg5 54. Rf8+ Kg4 55. Rf7 Kg3 56. Rg7 g4 57. Kd3 Kf3 58. Rf7+ Kg2 59. Rg7 g3 60. Kd4 Kf2 61. Rf7+ Kg1 62. Rg7 g2 63. Kd3 Kh2 64. Rh7+ Kg1 65. Rg7 Rh5 66. Ke2 Kh2 67. Kf2 Rf5+ 0-1

[Event "Berlin Lichtenberger op 11th"]
[Site "Berlin"]
[Date "2012.08.25"]
[Round "8"]
[White "Costello, Colin"]
[Black "Koerner, Helmut"]
[Result "1-0"]
[WhiteElo "1956"]
[BlackElo "1936"]
[PlyCount "55"]
[EventDate "2012.08.18"]
[EventType "swiss"]
[EventRounds "9"]
[EventCountry "GER"]
[SourceTitle "CBM 150 Extra"]
[Source "ChessBase"]
[SourceDate "2012.10.19"]
[SourceVersion "1"]
[SourceVersionDate "2012.10.19"]
[SourceQuality "1"]

1. c4 Nf6 2. g3 g6 3. Bg2 Bg7 4. Nc3 d6 5. Nf3 0-0 6. 0-0 c6 7. d3 e5 8. Rb1 Nh5 9. b4 d5 10. Qb3 dxc4 11. dxc4 Re8 12. b5 Bf5 13. e4 Be6 14. Rd1 Qc7 15. Ng5 Nd7 16. Nxe6 fxe6 17. Be3 Bf8 18. Bh3 Nc5 19. Qc2 Nf6 20. Rd2 h6 21. Rbd1 g5 22. f3 Kf7 23. Na4 b6 24. Nxc5 Bxc5 25. Bxc5 bxc5 26. Rd6 cxb5 27. cxb5 c4 28. Rc6 1-0

[Event "Berlin Lichtenberger op 11th"]
[Site "Berlin"]
[Date "2012.08.18"]
[Round "1"]
[White "Koerner, Helmut"]
[Black "Bruedigam, Martin"]
[Result "0-1"]
[WhiteElo "1936"]
[BlackElo "2292"]
[PlyCount "76"]
[EventDate "2012.08.18"]
[EventType "swiss"]
[EventRounds "9"]
[EventCountry "GER"]
[SourceTitle "CBM 150 Extra"]
[Source "ChessBase"]
[SourceDate "2012.10.19"]
[SourceVersion "1"]
[SourceVersionDate "2012.10.19"]
[SourceQuality "1"]

1. b4 Nf6 2. Bb2 d5 3. e3 Bf5 4. Nf3 Nbd7 5. c4 e6 6. a3 c6 7. Nc3 Bd6 8. Be2 0-0 9. d3 e5 10. cxd5 cxd5 11. e4 Be6 12. Ng5 a5 13. Nxe6 fxe6 14. Qb3 axb4 15. axb4 Rxa1+ 16. Bxa1 Qb6 17. 0-0 Qxb4 18. Qa2 Qc5 19. exd5 exd5 20. Bf3 Nb6 21. Qa7 Qc6 22. Qa2 Kh8 23. Qb1 Bc5 24. Re1 Bd4 25. Nd1 Bxa1 26. Qxa1 e4 27. dxe4 dxe4 28. Be2 Nbd5 29. Qb1 b6 30. h3 Qc5 31. Qb3 Ra8 32. Qg3 h6 33. Bf1 Ra1 34. Kh1 Nc3 35. Qb8+ Kh7 36. Qd8 Nxd1 37. Rxd1 Rxd1 38. Qxd1 Qxf2 0-1

[Event "Berlin Lichtenberger op 10th"]
[Site "Berlin"]
[Date "2011.08.18"]
[Round "6"]
[White "Bruening, Wolfgang"]
[Black "Koerner, Helmut"]
[Result "1/2-1/2"]
[WhiteElo "1958"]
[BlackElo "1933"]
[PlyCount "72"]
[EventDate "2011.08.13"]
[EventType "swiss"]
[EventRounds "9"]
[EventCountry "GER"]
[SourceTitle "CBM 143 Extra"]
[Source "ChessBase"]
[SourceDate "2011.08.29"]
[SourceVersion "1"]
[SourceVersionDate "2011.08.29"]
[SourceQuality "1"]

1. d4 Nf6 2. Nf3 b5 3. e3 a6 4. a4 b4 5. c3 e6 6. Bd3 d5 7. 0-0 Bb7 8. cxb4 Bxb4 9. Qb3 a5 10. Bd2 Qe7 11. Nc3 Ba6 12. Bb5+ c6 13. Bxa6 Nxa6 14. Rac1 0-0 15. Ne5 c5 16. Nc6 Qd7 17. Ne5 Qe7 18. Qc2 c4 19. f3 Rac8 20. Be1 Nd7 21. Bg3 Nxe5 22. Bxe5 Bd6 23. Bxd6 Qxd6 24. Nb5 Qd7 25. Rce1 Nb4 26. Qd2 f5 27. Re2 Qe7 28. Qe1 Nd3 29. Qg3 Qb4 30. Qd6 Qxd6 31. Nxd6 Rb8 32. Nb5 Rbc8 33. Rd1 Rc6 34. Rc2 Nb4 35. Re2 Nd3 36. Rc2 Nb4 1/2-1/2

[Event "Berlin Lichtenberger op 10th"]
[Site "Berlin"]
[Date "2011.08.16"]
[Round "4"]
[White "Moeller, Dirk Halvard"]
[Black "Koerner, Helmut"]
[Result "0-1"]
[WhiteElo "1683"]
[BlackElo "1933"]
[PlyCount "91"]
[EventDate "2011.08.13"]
[EventType "swiss"]
[EventRounds "9"]
[EventCountry "GER"]
[SourceTitle "CBM 143 Extra"]
[Source "ChessBase"]
[SourceDate "2011.08.29"]
[SourceVersion "1"]
[SourceVersionDate "2011.08.29"]
[SourceQuality "1"]

1. e4 d5 2. exd5 Nf6 3. c4 c6 4. d4 cxd5 5. Nf3 g6 6. Nc3 Bg7 7. Bf4 0-0 8. Qc2 Nc6 9. 0-0-0 Bf5 10. Qd2 Nb4 11. Ne5 a5 12. a3 Ne4 13. Nxe4 dxe4 14. axb4 axb4 15. Qe3 Ra1+ 16. Kd2 Rxd1+ 17. Kxd1 f6 18. g4 fxe5 19. gxf5 exf4 20. Qxe4 Rxf5 21. Bh3 Ra5 22. Be6+ Kh8 23. Kc2 Qxd4 24. Qxd4 Bxd4 25. f3 Kg7 26. Rd1 Bf6 27. Kb3 Re5 28. Bd5 Re2 29. h3 Rxb2+ 30. Ka4 b6 31. Kb5 b3 32. Kxb6 Rc2 33. c5 b2 34. Rb1 Be5 35. c6 Kf6 36. Be4 Rc1 37. Kb5 Kg5 38. Kb4 Kh4 39. Kb3 Kxh3 40. Bc2 Kg3 41. Rxb2 Kxf3 42. Ra2 Re1 43. Ra7 Re3+ 44. Kb4 Rc3 45. Ba4 Rc1 46. Rxe7 0-1

[Event "Berlin Lichtenberger op 10th"]
[Site "Berlin"]
[Date "2011.08.14"]
[Round "2"]
[White "Mildenberger, Hans"]
[Black "Koerner, Helmut"]
[Result "1/2-1/2"]
[WhiteElo "1633"]
[BlackElo "1933"]
[PlyCount "72"]
[EventDate "2011.08.13"]
[EventType "swiss"]
[EventRounds "9"]
[EventCountry "GER"]
[SourceTitle "CBM 143 Extra"]
[Source "ChessBase"]
[SourceDate "2011.08.29"]
[SourceVersion "1"]
[SourceVersionDate "2011.08.29"]
[SourceQuality "1"]

1. d4 Nf6 2. Nf3 b5 3. e4 Nxe4 4. Bxb5 Bb7 5. 0-0 e6 6. Re1 Be7 7. Nbd2 Nxd2 8. Bxd2 0-0 9. Qe2 Bf6 10. Ne5 c6 11. Bd3 d6 12. Nf3 a5 13. Qe4 g6 14. h4 Ba6 15. Bxa6 Nxa6 16. g3 c5 17. c3 cxd4 18. cxd4 d5 19. Qf4 Nb4 20. Bxb4 axb4 21. Kg2 Bg7 22. Rh1 Ra7 23. h5 Qb8 24. hxg6 Qxf4 25. gxh7+ Kh8 26. gxf4 Rc8 27. Ne5 Rc2 28. a3 b3 29. Rab1 Rac7 30. a4 Bxe5 31. fxe5 R7c4 32. a5 Ra4 33. Ra1 Rxa1 34. Rxa1 Rxb2 35. Ra3 Ra2 36. Rxb3 Rxa5 1/2-1/2